00466nas a22001457a 4500999001500000008004100015245003100056260007800087300000900165310001800174546001400192590006400206650003800270942001200308 c1211d1211130305t20019999-us||||| |||| 00| 0 spa d aMedicamentos y terapeutica aWashington D. C.:bFundacion Panamericana de la Salud y Educacion, c2001 av. : acuatrimestral aespañol aExistencias: 2001 20(1-3) BAJA DEPOSITO (CAJA 21) MAYO 2019 aPREPARACIONES FARMACEUTICAS91907 2ddccCR